00374nam a2200109Ia 450000500170000000800410001710000270005824501290008526000260021430000110024065000130025120260328104310.0260328s9999||||xx |||||||||||||| ||und|| aMosquera Torres, Gilma 0aVivienda y Arquitectura Tradicional en el Pacifico Colombiano. Patrimonio Cultural afrodescendiente /cGilma Mosquera Torres bUniversidad del Valle a177 p. aCOLOMBIA